|
|
|
|
| LEADER |
00000nab a2200000 ar4500 |
| 001 |
vtls009175163 |
| 003 |
SK-MaSNL |
| 005 |
20260426095022.0 |
| 008 |
080116c2006 xo |r||||||||||00 ||slo |
| 015 |
|
|
|a SNBRA2008/01
|2 snkbucl
|
| 038 |
|
|
|a SNKBUCL
|
| 040 |
|
|
|a SNKBUCL
|b slo
|c SNKBUCL
|e AACR2
|
| 041 |
1 |
|
|a slo
|
| 044 |
|
|
|a xo
|c SK
|
| 080 |
|
|
|a 316.022.4(=214.58)
|x (437.6)
|x "2005"
|2 2001
|
| 080 |
|
|
|a 323.15(=214.58)
|x (437.6)
|x "2005"
|2 2001
|
| 100 |
1 |
|
|a Gallová Kriglerová, Elena,
|d 1980-
|4 aut
|9 100990
|
| 245 |
1 |
0 |
|a Rómovia
|c Elena Kriglerová, Jana Kadlečíková
|
| 504 |
|
|
|a Bibliogr. odkazy
|
| 648 |
|
7 |
|a 2005
|2 snkbucl
|9 305506
|
| 650 |
0 |
7 |
|a Rómovia
|2 snkbucl
|9 1702
|
| 650 |
0 |
7 |
|a národnostné menšiny
|2 snkbucl
|9 2669
|
| 650 |
0 |
7 |
|a ľudské práva
|2 snkbucl
|9 798
|
| 650 |
0 |
7 |
|a zákonodarstvo
|2 snkbucl
|9 1153
|
| 651 |
|
7 |
|a Slovensko
|2 snkbucl
|9 14231
|
| 700 |
1 |
|
|a Kadlečíková, Jana,
|d 1979-
|4 aut
|9 132395
|
| 773 |
0 |
|
|t Slovensko 2005 : súhrnná správa o stave spoločnosti
|d Bratislava : Inštitút pre verejné otázky, 2006
|g S. 169-187
|z 8088935849
|
| 852 |
|
|
|a SNK
|b KIS3GCP
|
| 958 |
|
|
|a NB
|
| 999 |
|
|
|c 3154502
|d 3156432
|